LEADER 01548nam a2200325 a 4500 001 000000127605 003 CaOOAMICUS 005 20120214105859.0 008 120214s2010 be u000 u fre r 020 $z9782503535678* 040 $aPUL$bita 082 04$a275 245 00$aOrientalisme, science et controverse :$bAbraham Ecchellensis (1605-1664) /$csous la direction de Bernard Heyberger. 260 $aTurnhout :$bBrepols,$c©2010. 300 $a240 p. ;$c24 cm 490 1 $aBibliothèque de l'Ecole des hautes études. Sciences religieuses ;$v143 500 $aBasato su un convegno al Collège de France il 9-10 giugno 2006. 504 $aInclude riferimenti bibliografici ed indice 600 04$aAbraham,$cEcchellensis,$d1605-1664.$0(OLS)http://pul/subject/38485 650 4$aTeologia$xControversie$ySec. XVII.$0(OLS)http://pul/subject/38484 700 1 $aHeyberger, Bernard.$0(OLS)http://pul/name/16941 830 0$aBibliothèque de l'Ecole des hautes études.$pSciences religieuses ;$v143.$0(OLS)http://pul/title/13429 850 $aPUL 852 $aPUL$W1$xSL Religione 3$y85$m275 HEYBE 1$j147661$qDDC 21$B146272$CPULBib$Z2$F146272 $H115560 $82 941 1 $a9 996 $6020$z9782503535678*$9(OLS)http://pul/number/148918 996 $6082$a275$9(OLS)http://pul/classification/2178 996 $6245$aOrientalisme, science et controverse :$bAbraham Ecchellensis (1605-1664)$9(OLS)http://pul/title/161261 996 $6260$aTurnhout :$bBrepols$9(OLS)http://pul/publisher/47850 LEADER 01411nam a2200349 a 4500 001 000000161250 003 CaOOAMICUS 005 20170612093413.0 008 170612s2017 it u000 u ita r 020 $a978-88-13-357641* 032 $aLibriCat 040 $aPUL$bita 082 04$a345.4502 100 1 $aTraversi, Alessandro.$0(OLS)http://pul/name/27438 245 10$aDiritto penale commerciale /$cAlessandro Traversi, Sara Gennai. 250 $a3. ed. 260 $aMilanofiori Assago :$bWolters Kluwer,$c©2017. 300 $aXIV, 406 p. ;$c24 cm. 490 1 $aCEDAM Scienze giuridiche 504 $aBibliografia in nota. 650 4$aSocietà commerciali$xDiritto penale.$0(OLS)http://pul/subject/44647 700 1 $aGennai, Sara.$0(OLS)http://pul/name/103258 830 0$aScienze giuridiche (CEDAM).$0(OLS)http://pul/title/69735 850 $aPUL 852 $aPUL$W1$xSL Diritto e Scienze Sociali 3$y79$m345. 4502 TRAAL 1$j185213$qDDC 21$B188406$CPULBib$Z2$F188406 $H129812 $81 941 1 $a9 983 0$aCEDAM Scienze giuridiche . 996 $6020$a978-88-13-357641*$9(OLS)http://pul/number/162856 996 $6082$a345.4502$9(OLS)http://pul/classification/2020 996 $6245$aDiritto penale commerciale$9(OLS)http://pul/title/200970 996 $6260$aMilanofiori Assago :$bWolters Kluwer$9(OLS)http://pul/publisher/81463